HANDBOOK OF INDUSTRIAL LAW (Record no. 46)

MARC details
000 -LEADER
fixed length control field 00301nam a2200121Ia 4500
008 - FIXED-LENGTH DATA ELEMENTS--GENERAL INFORMATION
fixed length control field 240624s9999 xx 000 0 und d
041 ## - LANGUAGE CODE
Language code of text/sound track or separate title eng
082 ## - DEWEY DECIMAL CLASSIFICATION NUMBER
Classification number 343.07 KAP
100 ## - MAIN ENTRY--PERSONAL NAME
Personal name KAPOOR N D
245 ## - TITLE STATEMENT
Title HANDBOOK OF INDUSTRIAL LAW
260 ## - PUBLICATION, DISTRIBUTION, ETC.
Date of publication, distribution, etc. 2003
Place of publication, distribution, etc. New Delhi
Name of publisher, distributor, etc. Sultan Chand and Sons
300 ## - PHYSICAL DESCRIPTION
Extent xxx, : 584
Holdings
Withdrawn status Lost status Damaged status Not for loan Home library Current library Shelving location Date acquired Full call number Barcode Date last seen Price effective from Koha item type
        IMTN IMTN Rack 14-B 10/12/2004 343.07 KAP 46 06/24/2024 06/24/2024 Books
Designed & Maintained by: LRC IMT Nagpur Contact: lrc@imtnag.ac.in© 2024. All Rights Reserved.